Economía. Teoría y política

Bibliographic Details
Main Author: Mochón Morcillo, Francisco
Format: Section = Libro
Language:Undetermined
Spanish
Published: España México 2000
Edition:4a.ed
Subjects:
LEADER 00630nam a2200229Ia 4500
008 240830s9999 xx 000 0 und d
020 |a 84-481-2777-3 
040 |a B-ESTELÍ- RUACS / 330 M688 
041 |a spa 
082 |a 330 M688  
100 1 |a Mochón Morcillo, Francisco 
245 1 0 |a Economía. Teoría y política 
250 |a 4a.ed 
260 |a España  |b México  |c 2000 
300 |a 762 p. :il 
650 7 |a ECONOMIA TEORIA 
650 7 |b  MACROECONOMIA 
650 7 |c  OFERTA Y DEMANDA 
650 7 |d  DESARROLLO ECONOMICO - CRECIMIENTO MERCADO DE BIENES. I Tít. 
942 |c BK  |2 ddc 
991 |a TEXTO 
999 |c 10719